États-Unis - Les 13 colonies - Statistiques

Statistiques générales
  • Ce quiz a été pris 1 170 fois
  • Le résultat moyen est 11 sur 13
Réponses sur la Carte
Les réponses sont colorées sur une échelle allant du rouge au vert en fonction du pourcentage des utilisateurs qui les ont devinées à leur premier essai. Vous pouvez retrouver ces pourcentages ci-dessous.
 
Statistiques - réponses
Réponse % Correct
New York
92%
Caroline du Nord
90%
Caroline du Sud
89%
Virginie
88%
Géorgie
85%
New Jersey
84%
Massachussetts
83%
Rhode Island
83%
Pennsylvanie
80%
Delaware
79%
Maryland
78%
New Hampshire
78%
Connecticut
73%
Aucun quiz correspondant
Distribution des résultats
% des personnes avec chaque résultat
Percentile par nombre de réponses
Votre historique - résultats
Vous n’avez pas pris ce quiz